000
00264cam a2200109ua 4500
082
_a
823.301
_b
CHO/CH
100
_a
Chopra , R P .
_9
1667
245
_a
Choice of Short Stories /
260
_a
London :
_b
Blackie & Son Ltd ,
_c
1971.
300
_a
140 ; .
942
_c
BK
999
_c
3896
_d
3896